<?xml version="1.0" encoding="UTF-8"?>
<record
    xmlns:xsi="http://www.w3.org/2001/XMLSchema-instance"
    xsi:schemaLocation="http://www.loc.gov/MARC21/slim http://www.loc.gov/standards/marcxml/schema/MARC21slim.xsd"
    xmlns="http://www.loc.gov/MARC21/slim">

  <leader>01911nam0a2200421   4500</leader>
  <controlfield tag="001">RU\NLR\BIBL_A\022323107</controlfield>
  <controlfield tag="005">20260420014613.0</controlfield>
  <datafield tag="010" ind1=" " ind2=" ">
    <subfield code="a">978-5-6050984-6-1</subfield>
    <subfield code="9">3000</subfield>
  </datafield>
  <datafield tag="021" ind1=" " ind2=" ">
    <subfield code="a">RU</subfield>
    <subfield code="b">&#x41A;&#x41D;-&#x41F;-24-044842</subfield>
    <subfield code="9">&#x41A;&#x41D;-&#x41F;-24-4462</subfield>
  </datafield>
  <datafield tag="035" ind1=" " ind2=" ">
    <subfield code="a">(NLR Aleph) 022323107</subfield>
  </datafield>
  <datafield tag="090" ind1=" " ind2=" ">
    <subfield code="a">13665135</subfield>
    <subfield code="c">13665135</subfield>
  </datafield>
  <datafield tag="100" ind1=" " ind2=" ">
    <subfield code="a">20240916d2024    u  y0rusy50      ca</subfield>
  </datafield>
  <datafield tag="101" ind1="1" ind2=" ">
    <subfield code="a">rus</subfield>
    <subfield code="c">por</subfield>
  </datafield>
  <datafield tag="102" ind1=" " ind2=" ">
    <subfield code="a">RU</subfield>
  </datafield>
  <datafield tag="105" ind1=" " ind2=" ">
    <subfield code="a">a   z   000zy</subfield>
  </datafield>
  <datafield tag="181" ind1=" " ind2="0">
    <subfield code="a">b2</subfield>
    <subfield code="b">xb2e  </subfield>
  </datafield>
  <datafield tag="181" ind1=" " ind2="0">
    <subfield code="a">i2</subfield>
    <subfield code="b">xxxe  </subfield>
  </datafield>
  <datafield tag="182" ind1=" " ind2="0">
    <subfield code="a">n</subfield>
  </datafield>
  <datafield tag="200" ind1="1" ind2=" ">
    <subfield code="a">&#x421;&#x43E;&#x43B;&#x43D;&#x446;&#x435;</subfield>
    <subfield code="a">&#x412;&#x43E;&#x437;&#x434;&#x443;&#x445;</subfield>
    <subfield code="f">&#x418;&#x437;&#x430;&#x431;&#x435;&#x43B; &#x41C;&#x438;&#x43D;&#x44C;&#x43E;&#x448; &#x41C;&#x430;&#x440;&#x442;&#x438;&#x43D;&#x448;, &#x411;&#x435;&#x440;&#x43D;&#x430;&#x440;&#x434;&#x443; &#x41F;. &#x41A;&#x430;&#x440;&#x432;&#x430;&#x43B;&#x44C;&#x44E;</subfield>
    <subfield code="g">&#x43F;&#x435;&#x440;&#x435;&#x432;&#x435;&#x43B;&#x430; &#x441; &#x43F;&#x43E;&#x440;&#x442;&#x443;&#x433;&#x430;&#x43B;&#x44C;&#x441;&#x43A;&#x43E;&#x433;&#x43E; &#x42D;&#x43B;&#x44C;&#x437;&#x430; &#x41C;&#x435;&#x43B;&#x43A;&#x443;&#x43C;&#x43E;&#x432;&#x430;</subfield>
  </datafield>
  <datafield tag="203" ind1=" " ind2=" ">
    <subfield code="a">&#x418;&#x437;&#x43E;&#x431;&#x440;&#x430;&#x436;&#x435;&#x43D;&#x438;&#x435;</subfield>
    <subfield code="a">&#x422;&#x435;&#x43A;&#x441;&#x442;</subfield>
    <subfield code="b">&#x432;&#x438;&#x437;&#x443;&#x430;&#x43B;&#x44C;&#x43D;&#x44B;&#x435;</subfield>
    <subfield code="c">&#x43D;&#x435;&#x43F;&#x43E;&#x441;&#x440;&#x435;&#x434;&#x441;&#x442;&#x432;&#x435;&#x43D;&#x43D;&#x44B;&#x435;</subfield>
  </datafield>
  <datafield tag="210" ind1=" " ind2=" ">
    <subfield code="a">&#x421;&#x430;&#x43D;&#x43A;&#x442;-&#x41F;&#x435;&#x442;&#x435;&#x440;&#x431;&#x443;&#x440;&#x433;</subfield>
    <subfield code="c">&#x41F;&#x43E;&#x43B;&#x44F;&#x43D;&#x434;&#x440;&#x438;&#x44F; &#x41F;&#x440;&#x438;&#x43D;&#x442;, &#x41F;&#x43E;&#x43B;&#x44F;&#x43D;&#x434;&#x440;&#x438;&#x44F; (&#x414;&#x430;&#x440;&#x438;&#x43D;&#x430; &#x42F;&#x43A;&#x443;&#x43D;&#x438;&#x43D;&#x430;)</subfield>
    <subfield code="d">2024</subfield>
  </datafield>
  <datafield tag="215" ind1=" " ind2=" ">
    <subfield code="a">89, [4], 81, [2] &#x441;. &#x432;&#x441;&#x442;&#x440;&#x435;&#x447;. &#x43F;&#x430;&#x433;.</subfield>
    <subfield code="c">&#x446;&#x432;. &#x438;&#x43B;.</subfield>
    <subfield code="d">26</subfield>
  </datafield>
  <datafield tag="300" ind1=" " ind2=" ">
    <subfield code="a">&#x412; &#x43C;&#x430;&#x43A;&#x435;&#x442;&#x435;: &#x430;&#x432;&#x442;.: &#x418;&#x437;&#x430;&#x431;&#x435;&#x43B; &#x41C;&#x438;&#x43D;&#x44C;&#x43E;&#x448; &#x41C;&#x430;&#x440;&#x442;&#x438;&#x43D;&#x448;, &#x438;&#x43B;.: &#x411;&#x435;&#x440;&#x43D;&#x430;&#x440;&#x434;&#x443; &#x41F;. &#x41A;&#x430;&#x440;&#x432;&#x430;&#x43B;&#x44C;&#x44E;</subfield>
  </datafield>
  <datafield tag="309" ind1=" " ind2=" ">
    <subfield code="a">&#x41A;&#x43D;. &#x441; &#x434;&#x432;&#x43E;&#x439;&#x43D;&#x44B;&#x43C; &#x432;&#x445;&#x43E;&#x434;&#x43E;&#x43C;</subfield>
  </datafield>
  <datafield tag="333" ind1=" " ind2=" ">
    <subfield code="a">0+</subfield>
  </datafield>
  <datafield tag="606" ind1="1" ind2=" ">
    <subfield code="a">&#x412;&#x43E;&#x437;&#x434;&#x443;&#x445;</subfield>
    <subfield code="j">&#x418;&#x437;&#x434;&#x430;&#x43D;&#x438;&#x44F; &#x434;&#x43B;&#x44F; &#x434;&#x435;&#x442;&#x435;&#x439;</subfield>
    <subfield code="9">1047308</subfield>
    <subfield code="3">RU\NLR\AUTH\6686201</subfield>
  </datafield>
  <datafield tag="606" ind1="1" ind2=" ">
    <subfield code="a">&#x412;&#x435;&#x442;&#x440;&#x44B;</subfield>
    <subfield code="j">&#x418;&#x437;&#x434;&#x430;&#x43D;&#x438;&#x44F; &#x434;&#x43B;&#x44F; &#x434;&#x435;&#x442;&#x435;&#x439;</subfield>
    <subfield code="9">1032423</subfield>
    <subfield code="3">RU\NLR\AUTH\6678456</subfield>
  </datafield>
  <datafield tag="607" ind1=" " ind2=" ">
    <subfield code="a">&#x421;&#x43E;&#x43B;&#x43D;&#x446;&#x435;</subfield>
    <subfield code="j">&#x418;&#x437;&#x434;&#x430;&#x43D;&#x438;&#x44F; &#x434;&#x43B;&#x44F; &#x434;&#x435;&#x442;&#x435;&#x439;</subfield>
    <subfield code="9">1193971</subfield>
    <subfield code="3">RU\NLR\AUTH\66164467</subfield>
  </datafield>
  <datafield tag="686" ind1="0" ind2=" ">
    <subfield code="a">&#x428;9</subfield>
    <subfield code="b">&#x412;6</subfield>
  </datafield>
  <datafield tag="686" ind1="0" ind2=" ">
    <subfield code="a">&#x428;9</subfield>
    <subfield code="b">&#x414;23</subfield>
  </datafield>
  <datafield tag="700" ind1=" " ind2="1">
    <subfield code="7">ca</subfield>
    <subfield code="8">rus</subfield>
    <subfield code="a">&#x41C;&#x430;&#x440;&#x442;&#x438;&#x43D;&#x448;</subfield>
    <subfield code="b">&#x418;. &#x41C;.</subfield>
    <subfield code="f">1974-</subfield>
    <subfield code="g">&#x418;&#x437;&#x430;&#x431;&#x435;&#x43B;&#x44C; &#x41C;&#x438;&#x43D;&#x44C;&#x43E;&#x448;</subfield>
    <subfield code="9">253347</subfield>
    <subfield code="3">RU\NLR\AUTH\770253403</subfield>
  </datafield>
  <datafield tag="701" ind1=" " ind2="1">
    <subfield code="a">&#x41A;&#x430;&#x440;&#x432;&#x430;&#x43B;&#x44C;&#x44E;</subfield>
    <subfield code="b">&#x411;. &#x41F;.</subfield>
    <subfield code="f">1973 -</subfield>
    <subfield code="g">&#x411;&#x435;&#x440;&#x43D;&#x430;&#x440;&#x434;&#x443; &#x41F;.</subfield>
  </datafield>
  <datafield tag="942" ind1=" " ind2=" ">
    <subfield code="c">BOOK</subfield>
  </datafield>
  <datafield tag="980" ind1=" " ind2=" ">
    <subfield code="a">NB</subfield>
  </datafield>
</record>
